| 000 | 00416nac a22001211u 4500 | ||
|---|---|---|---|
| 008 | 090317s2004 xxu||||| |||| 00| 0 ara d | ||
| 082 |
_a332.6 _bخ د ا |
||
| 245 |
_aالأسس النظرية للاستثمار / _cمنذر خدام |
||
| 260 |
_aدمشق : _bوزارة الثقافة ،2004 _c2004. |
||
| 300 |
_a215 ص : _bايض ؛ _c24 سم. |
||
| 650 |
_aالإستثمار _920365 |
||
| 942 |
_cBB _k332.6 خ د ا _2ddc |
||
| 999 |
_c6731 _d6731 |
||